| 000 | 00357nam a2200109Ia 4500 | ||
|---|---|---|---|
| 008 | 240129s9999 xx 000 0 und d | ||
| 100 | _aPORWAL, PREM SHANKAR | ||
| 245 | 0 | _aQUALITY ISSUES IN VIRTUALIZATION TECHNIQUES IN CLOUD COMPUTING ENVIRONMENT | |
| 260 |
_bMEWAR UNIVERSITY, CHITTORGARH _c2021 |
||
| 650 | _aComputer Science & Engineering | ||
| 942 | _cTHE | ||
| 999 |
_c218948 _d218948 |
||